[Event "Mollerussa op-B"]
[Site "Mollerusa"]
[Date "1997.??.??"]
[Round "5"]
[White "Hernandez Guerrero, Andreu"]
[Black "Biosca Lacasa, Jordi"]
[Result "0-1"]
[WhiteElo "1835"]
[BlackElo "1915"]
[PlyCount "74"]
[EventDate "1997.??.??"]
[EventType "swiss"]
[EventRounds "8"]
[EventCountry "ESP"]
[SourceTitle "EXT 2003"]
[Source "ChessBase"]
[SourceDate "2002.11.25"]
[SourceVersion "1"]
[SourceVersionDate "2002.11.25"]
[SourceQuality "1"]

1. c4 g6 2. Nc3 Bg7 3. d4 d6 4. e4 e5 5. dxe5 Bxe5 6. Nf3 Bg4 7. Nd5 c6 8. Ne3 Bxf3 9. Qxf3 Nd7 10. Ng4 Bg7 11. a3 h5 12. Ne3 Ngf6 13. Rb1 Ne5 14. Qd1 Nxe4 15. f3 Nf6 16. f4 Neg4 17. Nxg4 Nxg4 18. Be2 Qe7 19. 0-0 Ne3 20. Bxe3 Qxe3+ 21. Kh1 Qd4 22. Bd3 0-0 23. Qc2 c5 24. b4 Qc3 25. Qxc3 Bxc3 26. g3 Rae8 27. Kg2 Re3 28. Rfd1 Rfe8 29. Kh3 Kg7 30. Bc2 Re2 31. Ba4 R8e6 32. Rd3 Bf6 33. Rbd1 Be7 34. Rc1 Ra2 35. Bd1 Re1 36. Rcc3 Ra1 37. Rc2 Raxd1 0-1